Who's who in the world 1984 1985
Shranjeno v:
| Korporativna značnica: | |
|---|---|
| Format: | Texto |
| Izdano: |
Chicago:
Marquis who's who
|
| Izdaja: | 7 |
| Oznake: |
Označite
Brez oznak, prvi označite!
|
MARC
| LEADER | 00000 a a2200000 04500 | ||
|---|---|---|---|
| 001 | 23348 | ||
| 003 | |||
| 040 | |||
| 090 | |a 161300 | ||
| 110 | |a Marquis Who's who Inc. | ||
| 245 | |a Who's who in the world 1984 1985 | ||
| 250 | |a 7 | ||
| 260 | |a Chicago: |b Marquis who's who | ||
| 300 | |a 1149 p | ||
| 999 | |c 11168 |d 11168 | ||
